01785nam a2200349 a 4500001001000000003000900010005001700019007000300036008004100039020001500080040002500095082003000120100003000150245006600180250001100246260004100257300004400298500007000342500021500412590002700627600003700654650003500691651005400726651004200780910004100822942001400863952012900877952012401006952013001130952015801260999001701418000014095DO-SdBNP20260321073639.0ta091204e19892009dr aob gr 001 edspa d a8492311339 aDO-SdBNPbspacBNPHU 4a320.97293bJ61c, 20092221 aJiménez, Felucho92327610a¿Cómo fue el gobierno de Juan Bosch? /cFelucho Jiménez. a4a ed. aSanto Domingo :bAlfa y Omega,c2009 a445 p. :bil., fotogr., mapas ;c21 cm. aIncluye datos biográficos del autor en la solapa de la cubierta aEn la portada: constitución, leyes, decretos, programas y acciones relevantes del gobierno del prof. Juan Bosch del 1963. Incluye una entrevista especial al prof. Juan Bosch acerca de su programa de gobierno. aInventariado, 2018/ YL10a Bosch, Juan, d1909-2001976555 4aPromulgación de leyes931907 0aRepública DominicanaxPolítica y gobierno945 4aRepública DominicanaxHistoria9170 aValidado. Control de calidad MMOLINA 2ddccLBS1 00102ddc56708DSaBNPHUbBNPHUcHDd2009-12-04oBNPHU DS 320.97293 J61c 2009p14095-30r2020-06-25te.3w2020-06-25yLBS1 00102ddc51708PDaBNPHUbBNPHUcHDd2009-12-04oBNPHU PD 320.97293 J61c 2009p14095-10r2020-06-25w2020-06-25yLBS1 00102ddc51708PDaBNPHUbBNPHUcHDd2009-12-04oBNPHU PD 320.97293 J61c 2009p14095-20r2020-06-25te. 2w2020-06-25yLBS1 00102ddc56708DSaBNPHUbBNPHUcHDd2022-04-26eDonado por Carlos F. OterooBNPHU DS 320.97293 J61c 2009p2023-0533r2023-02-02te.4w2023-02-02yLBS1 c13697d13697